000 007760000a22002530004500
003 LK-CoMWRAF
005 20231102111740.0
008 230817t1997 ||||| |||| 00| 0 eng d
020 _a984051399X
040 _aLK-CoMWRAF
_dLK-CoMWRAF
_eLK-CoMWRAF
041 _aeng
082 _a305.409
_bWOM
245 _aThe Women, Gender & Development Reader
260 _aDhaka:
_bThe University Press,
_c1997
300 _axiii, 396 p. ; 24 cm.
_bIndex included
650 _aWOMEN-Developing countries-Social conditions
650 _aWomen-Developing countries-Economic conditions.
650 _aWomen in development.
700 _aVisvanathan, Nalini
_eed.
700 _aDuggan, Lynn
_eed.
700 _aNisonoff, Laurie
_eed.
700 _aWiegersma, Nan
_eed.
942 _cBK
999 _c178
_d178